| 000 | 01043cad a22002175a 4500 | ||
|---|---|---|---|
| 001 | E153938 | ||
| 008 | 110926s2011 xxk f s000 0 eng d | ||
| 020 | _a9781780453125 | ||
| 022 | 1 | _a2045-6964 | |
| 035 | _a(Sirsi) u153938 | ||
| 041 | 0 | _aeng | |
| 100 | 1 | _aBeale, Graeme | |
| 245 | 0 | 0 |
_aEvaluation of the HouseMark activity-cost benchmarking pilot _h[electronic resource] |
| 260 |
_aScotland _bScottish Government _c2011 |
||
| 520 | _aPresents the results of a HouseMark activity-cost benchmarking pilot in Scotland which took place between June 2010 until January 2011. The aim was to assess the potential role of a cost and performance benchmarking exercise in identifying Value for Money (VfM) efficiency savings in the social housing sector in Scotland. | ||
| 590 | _aKA | ||
| 651 | 4 |
_aScotland _y1999- |
|
| 690 | _aPROPERTY-RESIDENTIAL PROPERTY-DOMESTIC RESIDENTIAL PROPERTY-HOUSING | ||
| 856 | 4 | 0 |
_uhttps://www.scotland.gov.uk/Publications/2011/09/20091033/0 _zView the report free of charge at www.scotland.gov.uk |
| 942 | _n0 | ||
| 999 |
_c112775 _d112775 |
||